000
00225nam a2200085Ia 4500
008
200302s9999 xx 000 0 und d
100
_a
Walter Foster
245
_a
Drawing Simplified in Pen Pencil Brush Chareoal
260
_b
Publisher
999
_c
557
_d
557